1522 1889 1756 1687 1520 1666 1272 1640 1953 1525 1742 1793 1995 1450 1665 1606 1816 1792 1456 1270 1687 1684 1022 1563 1369 1710 1433 1115 1979 1710 1589 1830 1809 1977 1099 1239 1182 1745 1246 1179 1396 1726 1391 1257 1405 1013 1281 1400 1465 1354 1623 1349 1517 1010 1403 1378 1078 1629 1944 1840 1853 1344 1696 1224 1120 1725 1173 1549 1168 1453 1749 1371 1934 1297 1887 1226 1991 1875 1314 1848 1678 1177 1646 1541 1284 1385 1824 1861 1757 1635 1296 1382 1431 1973 1356 1179 1391 1885 1081 BCNSPRNW ULIB Ver.6.0+V

เปลี่ยนเป็นภาษาไทย

Change to English
 แสดงรายละเอียดบรรณานุกรม
  กลับหน้าหลัก

Brief Record : Get Marc (ISO 2709) : E-mail record : QR code < ปิดหน้าต่าง
LEADER : 00000nam 2200000uu 4500
001    13399112424
003     ULIB
008    110220s2543||||th 000 0 tha d
020    9742936188
050  4 HM141^bอ689ก 2543
100 0  อำภา กันทะเป็ง
245 00 การพัฒนาภาวะผู้นำสำหรับนักศึกษาพยาบาล/^cอำภา กันทะเป็ง
260    นครสวรรค์:^bวิทยาลัยพยาบาลบรมราชชนนี สวรรค์ประชารักษ์ นครสวรรค์,^c2543
300    65 หน้า
650  7 นักศึกษาพยาบาล
650  7 การพัฒนาความรู้
710 1  กระทรวงสาธารณสุข.^bสถาบันพระบรมราชนก.^bวิทยาลัยพยาบาลบรมราชชนนี สวรรค์ประชารักษ์ นครสวรรค์.
945    ^p0^l0^i012792
995    ทศพร
999 ^a ใช้งานได้ทุกระบบ
รายการนี้ยังไม่มีแท็ก
คุณยังไม่ได้ล็อกอิน คุณสามารถมีกิจกรรมร่วมกับเว็บไซต์ได้ แต่ต้องล็อกอินก่อน ::
  ล็อกอิน

รายการสื่อสารสนเทศ

ลำดับที่ ประเภท เลขเรียก/บาร์โค้ด สถานที่ สถานะ
- ไม่พบข้อมูล -

รายการใกล้เคียง
    ผู้แต่ง [อำภา กันทะเป็ง]

    หัวเรื่อง [นักศึกษาพยาบาล]

BibComment


ยังไม่เคยถูกคอมเมนท์

คอมเมนท์ทรัพยากรรายการนี้
  คอมเมนท์: การพัฒนาภาวะผู้นำ..


 Copyright 2026. Bcnsprnw @Library